Mistralova dcéra
Osudy troch generácií oslnivých krásavíc, ktorých spoločným osudom boli škandály, úspechy a sláva.
| Main Author: | |
|---|---|
| Other Authors: | |
| Format: | CD Audio |
| Language: | Slovak English |
| PhysicalDescription: | 1 elektronický optický disk (CD-ROM) digitálny, mono, MP3 12 cm |
| Published: |
Levoča
Slovenská knižnica pre nevidiacich Mateja Hrebendu
2022
|
| ISBN: | 9788018103685 |
| Subjects: |
MARC
| LEADER | 00000nim a2200000 a 4500 | ||
|---|---|---|---|
| 001 | vtls012125068 | ||
| 003 | SK-MaSNL | ||
| 005 | 20260301055239.0 | ||
| 007 | sd fsngnnmmnud | ||
| 008 | 220225s2022 xo nnnnfs f n slo | ||
| 015 | |a SNBJ2023 | ||
| 020 | |a 9788018103685 |q (zvuková kniha) | ||
| 040 | |a SNK |b slo |c SNK |e AACR2 | ||
| 041 | 1 | |a slo |h eng | |
| 044 | |a xo |c SK | ||
| 080 | |a (086.76) |2 2001 | ||
| 100 | 1 | |a Krantz, Judith, |d 1928-2019 |4 aut |9 244562 | |
| 245 | 1 | 0 | |a Mistralova dcéra |h elektronický zdroj |c Judith Krantzová ; číta: Gabriela Palubová |
| 260 | |a Levoča |b Slovenská knižnica pre nevidiacich Mateja Hrebendu |c 2022 | ||
| 300 | |a 1 elektronický optický disk (CD-ROM) |b digitálny, mono, MP3 |c 12 cm | ||
| 306 | |a 240000 | ||
| 520 | 8 | |a Osudy troch generácií oslnivých krásavíc, ktorých spoločným osudom boli škandály, úspechy a sláva. | |
| 521 | |a pre nevidiacich, slabozrakých a inak zdravotne postihnutých | ||
| 655 | 7 | |a zvukové záznamy |2 SNKPH |9 70720 | |
| 655 | 7 | |a spoločenské romány |2 SNKPH |9 70538 | |
| 655 | 7 | |a CD-ROM |2 SNKPH |9 70236 | |
| 700 | 1 | |a Palubová, Gabriela |4 nrt |9 315977 | |
| 752 | |a Slovensko |d Levoča | ||
| 919 | |a 978-80-18-10368-5 | ||
| 999 | |c 612901 |d 614831 | ||
| 952 | |t 1 |a SNK |b SNK |c SNK_KF |y PREZ |7 0 |p 17A1534429 |o snkSCD 6367 |i snk2023/13184 |8 0 |0 0 |1 0 |2 udc |4 0 |d 2023-09-13 |l 0 |r 2026-02-23 16:28:00 |w 2026-02-23 | ||


